Educational leadership and school culture
Guardat en:
| Autors principals: | , |
|---|---|
| Format: | Llibre |
| Idioma: | anglès |
| Publicat: |
Redwood City
McCutchan
1983
|
| Col·lecció: | Contemporary Educational Issues
|
| Matèries: | |
| Etiquetes: |
Afegir etiqueta
Sense etiquetes, Sigues el primer a etiquetar aquest registre!
|
MARC
| LEADER | 00000nam a2200000 a 4500 | ||
|---|---|---|---|
| 001 | UCT0745 | ||
| 003 | CL-VaPUC | ||
| 008 | 960906e19830000us |||||||||||||||||eng|d | ||
| 082 | 0 | 4 | |a 371.106 |b SAS |2 21 |
| 100 | 0 | |a Sashkin, Marshall |e author |9 369200 | |
| 700 | 0 | |a Walberg, Herbert J |e author |9 369201 | |
| 245 | 1 | 0 | |a Educational leadership and school culture |
| 300 | |a 182 p | ||
| 942 | |c BK | ||
| 945 | |d 19960906 00:00:00 |a nastorga | ||
| 260 | |a Redwood City |b McCutchan |c 1983 | ||
| 650 | 0 | |a Investigación educacional |9 261192 | |
| 650 | 7 | |a EDUCACION Y CULTURA |2 CL-VaPUC |9 369202 | |
| 650 | 7 | |a DIRECTORES DE ESCUELAS |2 CL-VaPUC |9 324577 | |
| 650 | 0 | |a Administradores escolares |9 308344 | |
| 490 | 0 | |a Contemporary Educational Issues | |
| 999 | |c 251467 |d 251465 | ||
| 583 | |k Rodrigo Vera | ||
| 952 | |0 0 |1 0 |4 0 |6 371_106000000000000_SAS_1983 |7 0 |8 P |9 270653 |a BIBEDU |b BIBEDU |c BIBEDU_PB |d 2019-11-19 |i 3226093 |o 371.106 SAS 1983 |p 3226093 |r 2019-11-19 |w 2019-11-19 |y BK |k EDU | ||